Vainqueurs de la Supercoupe d'Italie de football - Mort subite - Statistiques

Statistiques générales
  • Ce quiz a été pris 146 fois
  • Le résultat moyen est 5 sur 9
Answers on the Grid
Answers color-coded by a green-red scale on the quiz's grid according to % correct below.
AC Monza
ACF Fiorentina
AS Rome
Atalanta Bergame
Bologne FC
Brescia Calcio
Cagliari Calcio
Cesena FC
Empoli FC
Frosinone Calcio
Genoa CFC
Hellas Vérone FC
Inter Milan
Juventus FC
Milan AC
Modène
Parme Calcio 1913
Reggiana 1919
Salernitana
SS Juve Stabia
SS Lazio
SSC Bari
SSC Naples
Torino FC
UC Sampdoria
UC Sampdoria
Udinese Calcio
US Lecce
US Sassuolo
Venezia FC
 
Statistiques - réponses
Réponse % Correct
Juventus FC
76%
Milan AC
73%
Inter Milan
71%
SSC Naples
66%
AS Rome
63%
SS Lazio
52%
ACF Fiorentina
45%
Parme Calcio 1913
24%
UC Sampdoria
7%
Aucun quiz correspondant
Distribution des résultats
% des personnes avec chaque résultat
Percentile par nombre de réponses
Votre historique - résultats
Vous n’avez pas pris ce quiz